Manuál pro pedagogickou praxi : teorie a praxe /

Hlavní autor: Bartoňová, Miroslava, 1965-
Korporativní autor: Masarykova univerzita. Katedra speciální pedagogiky
Další autoři: Pipeková, Jarmila, 1955-
Jazyk: Čeština
Vydáno: Brno : Masarykova univerzita, 2011
Vydání: 1. vyd.
Témata:
Fyzický popis: 141 s. : formuláře ; 30 cm
Knihy
Uloženo v:
LEADER 02516nam a2200649 a 4500
001 nkc20112193738
003 CZ PrNK
005 20190523201636.0
007 ta
008 110707s2011 xr k f f 000 0 cze
015 |a cnb002193738 
020 |a 978-80-210-5497-4  |q (brož.) 
035 |a (OCoLC)752795116 
040 |a ABA001  |b cze 
043 |a e-xr---  |b e-xr-jm  |2 czenas 
072 7 |a 376  |x Výchova a vzdělávání zvláštních skupin osob  |2 Konspekt  |9 22 
080 |a 378.4  |2 MRF 
080 |a 378.096:37.01  |2 MRF 
080 |a 376  |2 MRF 
080 |a 37.091.12-027.22  |2 MRF 
080 |a 377.8  |2 MRF 
080 |a (437.322)  |2 MRF 
080 |a (072)  |2 MRF 
080 |a (048.8)  |2 MRF 
100 1 |a Bartoňová, Miroslava,  |d 1965-  |7 mzk2004148531  |4 aut 
245 1 0 |a Manuál pro pedagogickou praxi :  |b teorie a praxe /  |c Miroslava Bartoňová, Jarmila Pipeková 
250 |a 1. vyd. 
260 |a Brno :  |b Masarykova univerzita,  |c 2011 
300 |a 141 s. :  |b formuláře ;  |c 30 cm 
500 |a Nad názvem: Masarykova univerzita, Pedagogická fakulta, katedra speciální pedagogiky 
500 |a 800 výt. 
504 |a Obsahuje bibliografii 
610 2 7 |a Masarykova univerzita.  |b Katedra speciální pedagogiky  |7 kn20010709452  |2 czenas 
650 0 7 |a univerzity  |7 ph126937  |z Česko  |2 czenas 
650 0 7 |a pedagogické fakulty  |7 ph390012  |z Česko  |2 czenas 
650 0 7 |a speciální pedagogika  |7 ph116230  |2 czenas 
650 0 7 |a pedagogická praxe  |7 ph124011  |2 czenas 
650 0 7 |a vzdělávání učitelů  |7 ph158324  |2 czenas 
650 0 9 |a universities  |z Czechia  |2 eczenas 
650 0 9 |a faculties of education  |z Czechia  |2 eczenas 
650 0 9 |a special education  |2 eczenas 
650 0 9 |a practice teaching  |2 eczenas 
650 0 9 |a teacher education  |2 eczenas 
651 7 |a Brno (Česko)  |7 ge134084  |2 czenas 
651 9 |a Brno (Czechia)  |2 eczenas 
655 7 |a metodické příručky  |7 fd132826  |2 czenas 
655 7 |a monografie  |7 fd132842  |2 czenas 
655 9 |a methodological manuals  |2 eczenas 
655 9 |a monographs  |2 eczenas 
700 1 |a Pipeková, Jarmila,  |d 1955-  |7 xx0001377  |4 aut 
710 2 |a Masarykova univerzita.  |b Katedra speciální pedagogiky  |7 kn20010709452 
910 2 |a BOA001  |b 4-1270.027 
990 |a BK 
995 |a 01 
991 |b 201107  |c NOV  |j 376 BAR  |e n 
996 6 |b 2610483589  |c 4-1270.027  |l MZK  |r Sklad / do 1 hodiny  |n 6  |p p.v.  |w 001189001  |u 000010  |a 1  |e BOA001  |j MZK50  |s P 
996 7 |b 2610483590  |c 4-1270.027  |l Vol.výběr  |r VV 0p  |n 27  |p p.v.  |h 376 BAR  |w 001189001  |u 000020  |a 0  |e BOA001  |j MZK50  |s A